Perspective on Nigeria Literature: 1700 to the Present (Record no. 2495)

MARC details
000 -LEADER
fixed length control field 00351nam a22001337a 4500
008 - FIXED-LENGTH DATA ELEMENTS--GENERAL INFORMATION
fixed length control field 250320b |||||||| |||| 00| 0 eng d
020 ## - INTERNATIONAL STANDARD BOOK NUMBER
ISBN NIL
100 ## - MAIN ENTRY--AUTHOR
Author OGUNBIYI, Yemi
245 ## - TITLE STATEMENT
Title Perspective on Nigeria Literature: 1700 to the Present
260 ## - PUBLICATION, DISTRIBUTION, ETC. (IMPRINT)
Place of publication Nigeria
Name of publisher Guardian Book Nig. Ltd.
Date of publication 1988
300 ## - COLLATION
Pagination NIL
942 ## - ADDED ENTRY ELEMENTS (KOHA)
Item type Books
050 ## - LIBRARY OF CONGRESS CALL NUMBER
Classification number PR9387
Item number .P47
Holdings
Source of classification or shelving scheme Not for loan Permanent location Current location Date acquired Accession No. Full call number Barcode. Koha item type
Library of Congress Classification   Samuel Ogbemudia Main Library, University of Abuja Samuel Ogbemudia Main Library, University of Abuja 03/20/2025 93/012234 PR93487.P47 2025-0765 Books